Giáo trình mỹ học Mác - Lênin

Salvato in:
Dettagli Bibliografici
Autore principale: Đỗ, Huy
Natura: Libro
Lingua:Undetermined
Pubblicazione: Hà Nội Chính trị Quốc gia 2003
Soggetti:
Tags: Aggiungi Tag
Nessun Tag, puoi essere il primo ad aggiungerne! !
Thư viện lưu trữ: Trung tâm Học liệu Trường Đại học Cần Thơ
LEADER 00557nam a2200193Ia 4500
001 CTU_60286
008 210402s9999 xx 000 0 und d
020 |b 42000 
082 |a 111.85 
082 |b H523 
100 |a Đỗ, Huy 
245 0 |a Giáo trình mỹ học Mác - Lênin 
245 0 |c Đỗ Huy và Vũ Trọng Phụng 
260 |a Hà Nội 
260 |b Chính trị Quốc gia 
260 |c 2003 
650 |a Aesthetics,Communism and literature 
904 |i Minh 
980 |a Trung tâm Học liệu Trường Đại học Cần Thơ